| 000 | 00704nam a2200205 a 4500 | ||
|---|---|---|---|
| 003 | DO-SdBNP | ||
| 005 | 20240229164406.0 | ||
| 008 | 220708e2012 dr ||||gr|||| 001 0 spa d | ||
| 040 |
_aDO-SdBNP _bspa _cBNPHU |
||
| 082 | 2 |
_222 _bC352s |
|
| 100 | 1 |
_957282 _aVincho, Castillo |
|
| 245 | 1 | 0 |
_a6 relatos : _bSan Francisco de Macorís, 1931-1961. / _cMarino Vinicio Castillo R. |
| 260 |
_aSanto Domingo: _bRB publicidad, _c2012 |
||
| 300 |
_a78 p. ; _c20 cm. |
||
| 590 | _aInventariado 2022 / MF | ||
| 650 | 4 |
_98943 _aRelatos _xRepública Dominicana |
|
| 651 | 0 |
_aSan Francisco de Macorís (República Dominicana) _vRelatos _y1931- 1961 _zRepública Dominicana _978792 |
|
| 910 | _aMFeliz | ||
| 942 |
_2ddc _cLBS1 |
||
| 999 |
_c52162 _d52162 |
||